[Event "Gibtelecom ChallWk1 7th"]
[Site "Gibraltar"]
[Date "2009.01.29"]
[Round "3.28"]
[White "Olsson, Roland"]
[Black "Palacios Pena, Gerardo"]
[Result "0-1"]
[WhiteElo "1938"]
[BlackElo "1850"]
[PlyCount "54"]
[EventDate "2009.01.27"]
[EventType "swiss"]
[EventRounds "5"]
[EventCountry "GGB"]
[SourceTitle "BritBase"]
[Source "www.saund.co.uk"]
[SourceDate "2018.02.10"]
[SourceVersion "1"]
[SourceVersionDate "2018.02.10"]
[SourceQuality "1"]

1. e4 c6 2. d4 d5 3. e5 Bf5 4. Nc3 e6 5. g4 Bg6 6. h4 h5 7. g5 Qb6 8. Nf3 Ne7
9. Bd3 Nf5 10. Ne2 c5 11. c3 Nc6 12. O-O cxd4 13. cxd4 O-O-O 14. Qc2 Kb8 15.
Be3 Nb4 16. Qd2 Nxd3 17. Qxd3 Nxh4 18. Qd1 Nxf3+ 19. Kg2 Be4 20. Kh3 f6 21.
exf6 gxf6 22. gxf6 Bh6 23. Ng3 Qd6 24. Rc1 h4 25. Nxe4 Qh2+ 26. Kg4 Qg2+ 27.
Ng3 Rdg8+ 0-1

[Event "Gibtelecom ChallWk1 7th"]
[Site "Gibraltar"]
[Date "2009.01.29"]
[Round "3.29"]
[White "Manetto, Luis"]
[Black "Gravett, Alan D"]
[Result "0-1"]
[WhiteElo "1602"]
[BlackElo "1869"]
[PlyCount "94"]
[EventDate "2009.01.27"]
[EventType "swiss"]
[EventRounds "5"]
[EventCountry "GGB"]
[SourceTitle "BritBase"]
[Source "www.saund.co.uk"]
[SourceDate "2018.02.10"]
[SourceVersion "1"]
[SourceVersionDate "2018.02.10"]
[SourceQuality "1"]

1. e4 c5 2. Nf3 d6 3. d4 cxd4 4. Nxd4 Nf6 5. Nc3 a6 6. Be2 e5 7. Nb3 Be7 8. Be3
Be6 9. Qd2 Nc6 10. f3 O-O 11. O-O Rc8 12. Rad1 b5 13. Nd5 Bxd5 14. exd5 Nb8 15.
Bd3 Nbd7 16. Qf2 e4 17. fxe4 Ng4 18. Qg3 Nxe3 19. Qxe3 Bg5 20. Qe2 Ne5 21. Kh1
Qd7 22. h3 Ng6 23. Nd4 Bf6 24. c3 Be5 25. Nf3 Bg3 26. Nd4 Be5 27. Nf5 Qd8 28.
Qg4 Kh8 29. Rf2 Rc7 30. Rdf1 Ne7 31. h4 Nxf5 32. exf5 f6 33. Qf3 Qe8 34. g4 a5
35. g5 b4 36. c4 a4 37. b3 axb3 38. axb3 Ra7 39. Rg2 Ra3 40. Bc2 Ra2 41. Qg4
Ra1 42. Rxa1 Bxa1 43. Re2 Be5 44. h5 fxg5 45. Qxg5 Rf6 46. Rg2 Rh6 47. Re2
Rxh5+ 0-1

[Event "Gibtelecom ChallWk1 7th"]
[Site "Gibraltar"]
[Date "2009.01.30"]
[Round "4.1"]
[White "Byron, Alan M"]
[Black "Getz, Nicolai"]
[Result "0-1"]
[WhiteElo "2162"]
[BlackElo "2190"]
[PlyCount "166"]
[EventDate "2009.01.27"]
[EventType "swiss"]
[EventRounds "5"]
[EventCountry "GGB"]
[SourceTitle "BritBase"]
[Source "www.saund.co.uk"]
[SourceDate "2018.02.10"]
[SourceVersion "1"]
[SourceVersionDate "2018.02.10"]
[SourceQuality "1"]

1. e4 c5 2. Nc3 d6 3. g3 Nc6 4. Bg2 g6 5. d3 Bg7 6. Be3 Nf6 7. h3 e5 8. Qd2 h5
9. Nge2 Bd7 10. f4 Nd4 11. fxe5 dxe5 12. Bg5 Ne6 13. Be3 h4 14. g4 Bc6 15. Rf1
b5 16. Ng1 b4 17. Nd1 Nh7 18. Qf2 Qe7 19. Nf3 Bf6 20. a4 Rd8 21. b3 Nhg5 22.
Nxg5 Bxg5 23. Bxg5 Nxg5 24. Ne3 Ne6 25. Qf6 Qxf6 26. Rxf6 Ke7 27. Rf2 f6 28.
O-O-O Rhf8 29. Bf1 Kf7 30. Bg2 Kg7 31. Rdf1 Rf7 32. Nc4 Nf4 33. Kb1 Kh6 34. Nd2
Rc7 35. Nf3 g5 36. Nd2 Bb7 37. Rd1 Ba6 38. Bf1 Rcd7 39. Rh2 Kg7 40. Kb2 Kf7 41.
Kb1 Ke7 42. Kb2 Kd6 43. Kb1 Kc6 44. Kb2 Kb6 45. Kb1 Ka5 46. Kb2 Rd4 47. Kb1 Bb7
48. Nc4+ Ka6 49. Rhd2 Bc6 50. Kc1 Bd7 51. Ne3 Be6 52. Kb2 Ka5 53. Kb1 c4 54.
bxc4 Kxa4 55. Kb2 Ka5 56. Kb3 R8d6 57. Ra1+ Kb6 58. Kxb4 a5+ 59. Kc3 Ka6 60.
Ra4 Rc6 61. Rd1 Rc5 62. Rb1 Rd8 63. Ra2 Rdc8 64. Rab2 R5c6 65. Rb5 Rc5 66. Rb6+
Ka7 67. Rb7+ Ka8 68. R7b6 R5c6 69. R6b5 Rc5 70. Rxc5 Rxc5 71. Rb6 Ka7 72. Rd6
Rc7 73. Ng2 Rb7 74. Nxf4 gxf4 75. Rxe6 a4 76. c5 Rb1 77. Be2 f3 78. Bxf3 a3 79.
Rb6 a2 80. Rxb1 axb1=Q 81. Kd2 Qb4+ 82. Ke2 Qxc5 83. c4 Qd4 0-1

[Event "Gibtelecom ChallWk1 7th"]
[Site "Gibraltar"]
[Date "2009.01.30"]
[Round "4.2"]
[White "Kozlov, Oleg"]
[Black "Hagen, Anders Gjerdrum"]
[Result "1-0"]
[WhiteElo "2187"]
[BlackElo "2110"]
[PlyCount "167"]
[EventDate "2009.01.27"]
[EventType "swiss"]
[EventRounds "5"]
[EventCountry "GGB"]
[SourceTitle "BritBase"]
[Source "www.saund.co.uk"]
[SourceDate "2018.02.10"]
[SourceVersion "1"]
[SourceVersionDate "2018.02.10"]
[SourceQuality "1"]

1. d4 d5 2. Nf3 Nf6 3. g3 Bf5 4. Bg2 e6 5. O-O Nbd7 6. c4 c6 7. Nc3 Be7 8. Nh4
Bg4 9. h3 Bh5 10. g4 Bg6 11. Nxg6 hxg6 12. Bf4 dxc4 13. e4 Nb6 14. Qd2 O-O 15.
Rad1 Qd7 16. Qe2 Rad8 17. Rfe1 Rfe8 18. h4 Qc8 19. g5 Nh5 20. Bh2 c5 21. d5
exd5 22. Nxd5 Bd6 23. e5 Bb8 24. Nxb6 axb6 25. Bd5 b5 26. Qf3 Qc7 27. Bxb7 Rd3
28. Rxd3 cxd3 29. Bc6 Rd8 30. Rd1 c4 31. Bxb5 Rd4 32. b3 cxb3 33. axb3 Rxh4 34.
Bxd3 Qe7 35. Qe3 Rg4+ 36. Kf1 Rxg5 37. Re1 Rg4 38. Qh3 Rh4 39. Qg2 Nf4 40. Bxf4
Rxf4 41. e6 fxe6 42. Qxg6 Ba7 43. Qh7+ Kf8 44. Qh8+ Kf7 45. Qh5+ Kf8 46. Re2
Qf7 47. Qxf7+ Kxf7 48. Bc4 Rf6 49. Kg2 Bc5 50. f3 Ke7 51. Re5 Kd6 52. Rg5 Rf7
53. Rg6 Re7 54. f4 Kd7 55. Kf3 Bb4 56. Ke4 Bc3 57. Rg3 Bb4 58. Rd3+ Bd6 59.
Bb5+ Kc7 60. Rc3+ Kb7 61. Rc6 Bc7 62. Rc4 Kb6 63. Ba4 Rf7 64. Rc6+ Kb7 65. Rxe6
Rxf4+ 66. Kd5 Rf5+ 67. Kc4 g5 68. Rg6 Bf4 69. Bc6+ Kb8 70. b4 Bc7 71. Bd5 g4
72. Kc5 g3 73. Rg8+ Bd8 74. Rxd8+ Kc7 75. Rg8 Rf1 76. Rxg3 Rc1+ 77. Bc4 Rb1 78.
Rg7+ Kb8 79. b5 Rh1 80. Bd5 Rh8 81. Kb6 Rf8 82. Bc6 Rh8 83. Rb7+ Kc8 84. Ra7
1-0

[Event "Gibtelecom ChallWk1 7th"]
[Site "Gibraltar"]
[Date "2009.01.30"]
[Round "4.3"]
[White "Kandic, Milan"]
[Black "Bates, Caspar J"]
[Result "1-0"]
[WhiteElo "2208"]
[BlackElo "2142"]
[PlyCount "114"]
[EventDate "2009.01.27"]
[EventType "swiss"]
[EventRounds "5"]
[EventCountry "GGB"]
[SourceTitle "BritBase"]
[Source "www.saund.co.uk"]
[SourceDate "2018.02.10"]
[SourceVersion "1"]
[SourceVersionDate "2018.02.10"]
[SourceQuality "1"]

1. e4 e5 2. Nf3 Nc6 3. Bc4 Nf6 4. Qe2 Be7 5. d3 O-O 6. Nc3 d6 7. h3 Na5 8. Be3
Nxc4 9. dxc4 b6 10. O-O-O Qe8 11. Bg5 Ba6 12. g4 Qc6 13. Nd2 Rfe8 14. h4 Nd7
15. Bxe7 Rxe7 16. g5 Rb8 17. Nd5 Re6 18. h5 b5 19. g6 fxg6 20. Qg4 Rbe8 21.
hxg6 h6 22. Qf5 Nf6 23. Rxh6 gxh6 24. Nxf6+ Rxf6 25. Qxf6 Qd7 26. cxb5 Bxb5 27.
Qh4 Qg7 28. Rg1 Rf8 29. Qg3 Bd7 30. Qb3+ Kh8 31. Qe3 Be8 32. Rh1 Rf4 33. Qxa7
Bxg6 34. Rg1 Qf7 35. b3 Kh7 36. f3 h5 37. a4 h4 38. a5 c5 39. Qxf7+ Bxf7 40.
Rh1 Be6 41. a6 h3 42. Nc4 Bxc4 43. bxc4 Rxf3 44. Kb2 Kg6 45. a7 Rf8 46. Rxh3
Ra8 47. Ra3 Kg5 48. Kc3 Kf4 49. Kd3 Kf3 50. Ra6 Kf4 51. Ra1 Kg5 52. Ke3 Kf6 53.
Kf3 Ke6 54. Rh1 Rxa7 55. Rh6+ Kf7 56. Rh1 Ke6 57. Ra1 Ra8 1-0

[Event "Gibtelecom ChallWk1 7th"]
[Site "Gibraltar"]
[Date "2009.01.30"]
[Round "4.4"]
[White "Lovik, Lasse Ostebo"]
[Black "Hagesaether, Arne"]
[Result "1-0"]
[WhiteElo "2184"]
[BlackElo "2184"]
[PlyCount "77"]
[EventDate "2009.01.27"]
[EventType "swiss"]
[EventRounds "5"]
[EventCountry "GGB"]
[SourceTitle "BritBase"]
[Source "www.saund.co.uk"]
[SourceDate "2018.02.10"]
[SourceVersion "1"]
[SourceVersionDate "2018.02.10"]
[SourceQuality "1"]

1. e4 c6 2. d4 d5 3. Nc3 dxe4 4. Nxe4 Bf5 5. Ng3 Bg6 6. h4 h6 7. Nf3 Nd7 8. h5
Bh7 9. Bd3 Bxd3 10. Qxd3 e6 11. Bf4 Qa5+ 12. Bd2 Bb4 13. c3 Be7 14. c4 Qc7 15.
O-O-O Ngf6 16. Ne2 Ng4 17. Rhf1 Rd8 18. Nf4 O-O 19. Qe2 e5 20. Nd3 b5 21. Nfxe5
Ngxe5 22. Nxe5 Nxe5 23. dxe5 Rd4 24. Kb1 Rxc4 25. f4 Bc5 26. Bc3 Bb4 27. Bxb4
Rxb4 28. e6 Qe7 29. f5 fxe6 30. fxe6 Re8 31. Rfe1 Kh8 32. Rd7 Qf6 33. Rf7 Qg5
34. Ref1 Qd5 35. Rf8+ Rxf8 36. Rxf8+ Kh7 37. e7 Rd4 38. Qc2+ Qe4 39. Qxe4+ 1-0

[Event "Gibtelecom ChallWk1 7th"]
[Site "Gibraltar"]
[Date "2009.01.30"]
[Round "4.5"]
[White "Haugstad, Espen"]
[Black "Natalicchio Escalante, Nicolas"]
[Result "1/2-1/2"]
[WhiteElo "2114"]
[BlackElo "2238"]
[PlyCount "88"]
[EventDate "2009.01.27"]
[EventType "swiss"]
[EventRounds "5"]
[EventCountry "GGB"]
[SourceTitle "BritBase"]
[Source "www.saund.co.uk"]
[SourceDate "2018.02.10"]
[SourceVersion "1"]
[SourceVersionDate "2018.02.10"]
[SourceQuality "1"]

1. e4 c5 2. Nf3 d6 3. d4 cxd4 4. Nxd4 Nf6 5. Nc3 g6 6. Be3 Bg7 7. f3 O-O 8. Qd2
Nc6 9. Bc4 Bd7 10. O-O-O Rc8 11. Bb3 Nxd4 12. Bxd4 b5 13. Bxa7 b4 14. Nd5 Nxd5
15. exd5 Qa5 16. Bd4 Ba4 17. Qe3 Ra8 18. Rhe1 Rfc8 19. Bxg7 Kxg7 20. Qd4+ Kg8
21. Rxe7 Rc5 22. Rde1 Rac8 23. a3 Qa8 24. Qf4 Rf8 25. Qxd6 Qa5 26. Bxa4 bxa3
27. Re8 axb2+ 28. Kxb2 Qb4+ 29. Bb3 Rxc2+ 30. Kxc2 Qxd6 31. Rxf8+ Kxf8 32. h3
Qc5+ 33. Kd3 Qb4 34. Rb1 Ke7 35. Kc2 Kd6 36. Rc1 Qd4 37. Rd1 Qe3 38. Rd2 Qc5+
39. Kb2 Qb4 40. Rc2 Qd4+ 41. Ka2 Qa7+ 42. Kb2 Qd4+ 43. Ka2 Qa7+ 44. Kb2 Qd4+
1/2-1/2

[Event "Gibtelecom ChallWk1 7th"]
[Site "Gibraltar"]
[Date "2009.01.30"]
[Round "4.6"]
[White "Dunn, Andrew"]
[Black "Vinas Guerrero, Carlos A"]
[Result "1/2-1/2"]
[WhiteElo "2216"]
[BlackElo "2104"]
[PlyCount "83"]
[EventDate "2009.01.27"]
[EventType "swiss"]
[EventRounds "5"]
[EventCountry "GGB"]
[SourceTitle "BritBase"]
[Source "www.saund.co.uk"]
[SourceDate "2018.02.10"]
[SourceVersion "1"]
[SourceVersionDate "2018.02.10"]
[SourceQuality "1"]

1. d4 d5 2. Nf3 Nf6 3. e3 c6 4. Bd3 Bg4 5. c4 Nbd7 6. Nc3 e6 7. h3 Bh5 8. O-O
Be7 9. b3 O-O 10. Bb2 a6 11. Rc1 Bb4 12. Be2 Qe7 13. Nd2 Bg6 14. f4 c5 15. a3
Ba5 16. Nf3 Rfd8 17. Ne5 Nxe5 18. fxe5 Ne4 19. Nxe4 Bxe4 20. Bf3 Qg5 21. Qe2
cxd4 22. Bxe4 dxe4 23. exd4 Bd2 24. Rcd1 e3 25. Rf3 Rd7 26. Rdf1 Qg6 27. Ba1
Rad8 28. Kh1 h6 29. Kh2 Qe4 30. Rg3 b5 31. c5 Rc8 32. b4 Rcc7 33. Rgf3 Rc6 34.
Rd1 Qg6 35. Rf4 Rcc7 36. Rg4 Qc2 37. Rg3 Qf5 38. Rf1 Qe4 39. Rg4 Qc2 40. Rgf4
Qg6 41. Rg4 Qc2 42. Rg3 1/2-1/2

[Event "Gibtelecom ChallWk1 7th"]
[Site "Gibraltar"]
[Date "2009.01.30"]
[Round "4.7"]
[White "Wheldon, Philip"]
[Black "Daoudi, Kamal"]
[Result "1/2-1/2"]
[WhiteElo "2094"]
[BlackElo "2209"]
[PlyCount "71"]
[EventDate "2009.01.27"]
[EventType "swiss"]
[EventRounds "5"]
[EventCountry "GGB"]
[SourceTitle "BritBase"]
[Source "www.saund.co.uk"]
[SourceDate "2018.02.10"]
[SourceVersion "1"]
[SourceVersionDate "2018.02.10"]
[SourceQuality "1"]

1. e4 e5 2. Nf3 Nc6 3. Bb5 a6 4. Bxc6 dxc6 5. O-O f6 6. d4 Bg4 7. c3 exd4 8.
cxd4 Bxf3 9. Qxf3 Qxd4 10. Rd1 Qc4 11. Bf4 Qf7 12. Qg3 Rc8 13. Qe3 b6 14. Nd2
g5 15. Bg3 Qe6 16. Nb3 c5 17. Qe2 h5 18. h3 h4 19. Bh2 Ne7 20. Qxa6 Qxe4 21.
Re1 Qf5 22. Rad1 g4 23. hxg4 Qxg4 24. f3 Qf5 25. Qb5+ c6 26. Qxb6 Rg8 27. Qxc5
Qxf3 28. Qf2 Qxf2+ 29. Kxf2 Ra8 30. a3 Rd8 31. Rxd8+ Kxd8 32. Nc5 Bh6 33. Re4
Nd5 34. Kf3 Bc1 35. Ra4 Rg5 36. Ne6+ 1/2-1/2

[Event "Gibtelecom ChallWk1 7th"]
[Site "Gibraltar"]
[Date "2009.01.30"]
[Round "4.8"]
[White "Kvisla, Johannes Luangtep"]
[Black "Horton-Kitchlew, Andrew"]
[Result "1-0"]
[WhiteElo "2208"]
[BlackElo "2084"]
[PlyCount "113"]
[EventDate "2009.01.27"]
[EventType "swiss"]
[EventRounds "5"]
[EventCountry "GGB"]
[SourceTitle "BritBase"]
[Source "www.saund.co.uk"]
[SourceDate "2018.02.10"]
[SourceVersion "1"]
[SourceVersionDate "2018.02.10"]
[SourceQuality "1"]

1. d4 Nf6 2. c4 d6 3. Nc3 Bd7 4. e4 e5 5. d5 Be7 6. Be2 O-O 7. g4 c6 8. g5 Ne8
9. h4 f5 10. gxf6 Nxf6 11. Be3 Qa5 12. Qd2 Na6 13. h5 Nc5 14. Rc1 cxd5 15. Nxd5
Qxd2+ 16. Bxd2 Nxd5 17. exd5 Rf7 18. Be3 Ne4 19. Rh2 Bg5 20. Bxg5 Nxg5 21. Rc3
Raf8 22. Re3 h6 23. Rg2 Rf4 24. Rb3 Bc8 25. Rbg3 Kh8 26. b3 Bd7 27. Bg4 Bxg4
28. Rxg4 R4f5 29. Ke2 R8f7 30. Ke3 Nf3 31. Nxf3 Rxf3+ 32. Ke2 Rh3 33. Rg6 Rxh5
34. Rxd6 Rh1 35. Re6 Ra1 36. Rxe5 Rxa2+ 37. Kd3 Rf3+ 38. Re3 Rxe3+ 39. Kxe3 Kg8
40. Kd4 Rb2 41. Kc3 Re2 42. b4 Kf7 43. Kd4 h5 44. Rg5 g6 45. f4 Rf2 46. Ke3 Rb2
47. b5 Rb3+ 48. Kd4 b6 49. f5 gxf5 50. Rxf5+ Kg6 51. Rf8 Rb1 52. Ke5 h4 53. d6
Re1+ 54. Kd5 Rd1+ 55. Kc6 Rd4 56. d7 Rxc4+ 57. Kb7 1-0

[Event "Gibtelecom ChallWk1 7th"]
[Site "Gibraltar"]
[Date "2009.01.30"]
[Round "4.9"]
[White "Vea, Odin Blikra"]
[Black "Pali, Gabor"]
[Result "1-0"]
[WhiteElo "2169"]
[BlackElo "2048"]
[PlyCount "59"]
[EventDate "2009.01.27"]
[EventType "swiss"]
[EventRounds "5"]
[EventCountry "GGB"]
[SourceTitle "BritBase"]
[Source "www.saund.co.uk"]
[SourceDate "2018.02.10"]
[SourceVersion "1"]
[SourceVersionDate "2018.02.10"]
[SourceQuality "1"]

1. e4 c6 2. Nf3 d5 3. exd5 cxd5 4. Ne5 Nc6 5. Bb5 Qd6 6. d4 a6 7. Bxc6+ bxc6 8.
O-O g6 9. Bf4 Qf6 10. Bg3 Nh6 11. c4 dxc4 12. Nxc4 Qf5 13. Re1 Be6 14. Nb6 Ra7
15. Re5 Qf6 16. Nc3 Rb7 17. Ncd5 cxd5 18. Qa4+ Bd7 19. Nxd7 Rxd7 20. Rxd5 Qe6
21. Rc1 f6 22. Rxd7 Kf7 23. d5 Qb6 24. d6 Nf5 25. Qc4+ Kg7 26. Re1 h5 27. dxe7
Bxe7 28. Rexe7+ Nxe7 29. Rxe7+ Kh6 30. h4 1-0

[Event "Gibtelecom ChallWk1 7th"]
[Site "Gibraltar"]
[Date "2009.01.30"]
[Round "4.10"]
[White "Obiamiwe, Paul"]
[Black "Green, Andrew D"]
[Result "0-1"]
[WhiteElo "2035"]
[BlackElo "2136"]
[PlyCount "122"]
[EventDate "2009.01.27"]
[EventType "swiss"]
[EventRounds "5"]
[EventCountry "GGB"]
[SourceTitle "BritBase"]
[Source "www.saund.co.uk"]
[SourceDate "2018.02.10"]
[SourceVersion "1"]
[SourceVersionDate "2018.02.10"]
[SourceQuality "1"]

1. Nf3 c5 2. c4 Nc6 3. d4 cxd4 4. Nxd4 g6 5. Nc3 Bg7 6. e3 Nf6 7. Be2 O-O 8.
O-O Nxd4 9. Qxd4 d6 10. e4 Be6 11. Qe3 Ng4 12. Bxg4 Bxg4 13. b3 Qa5 14. Bd2 Qc5
15. Rac1 Rac8 16. Qg3 Bd7 17. Nd5 Rfe8 18. Qh4 f6 19. Rfd1 Qa3 20. Rc2 b5 21.
Bb4 Qa6 22. c5 Be6 23. Qf4 Qb7 24. Ne3 a5 25. Bxa5 dxc5 26. Bc3 Red8 27. Rdc1
c4 28. bxc4 Bxc4 29. h3 Bd3 30. Ba5 Rxc2 31. Rxc2 Bxc2 32. Bxd8 Bxe4 33. f3 Bc6
34. Qb4 Kf8 35. a3 f5 36. Qc5 Qd7 37. Bb6 Qd6 38. Kf1 Qxc5 39. Bxc5 Be5 40. Nc2
Bd6 41. Bd4 e5 42. Bb6 Bd5 43. Nb4 Bc4+ 44. Kf2 Kf7 45. Ke3 Ke6 46. Kf2 Be7 47.
Ke3 Bg5+ 48. Kf2 Bc1 49. Nc2 Bb3 50. Ne1 Bxa3 51. Nd3 Kd5 52. Bc7 e4 53. fxe4+
Kxe4 54. Nf4 Bc4 55. g4 b4 56. gxf5 gxf5 57. Ng2 Bc1 58. Ba5 b3 59. Bc3 b2 60.
Bxb2 Bxb2 61. Ne3 Bd4 0-1

[Event "Gibtelecom ChallWk1 7th"]
[Site "Gibraltar"]
[Date "2009.01.30"]
[Round "4.11"]
[White "Osuna Vega, Enrique"]
[Black "Dasaolu, Adeoye"]
[Result "0-1"]
[WhiteElo "2130"]
[BlackElo "2024"]
[PlyCount "97"]
[EventDate "2009.01.27"]
[EventType "swiss"]
[EventRounds "5"]
[EventCountry "GGB"]
[SourceTitle "BritBase"]
[Source "www.saund.co.uk"]
[SourceDate "2018.02.10"]
[SourceVersion "1"]
[SourceVersionDate "2018.02.10"]
[SourceQuality "1"]

1. e4 c5 2. Nf3 e6 3. d4 cxd4 4. Nxd4 a6 5. Nc3 Qc7 6. g3 b5 7. a3 Bb7 8. Bg2
Nf6 9. O-O d6 10. f4 Be7 11. Qe2 Nc6 12. Nxc6 Bxc6 13. Be3 Qb7 14. Bf2 a5 15.
g4 b4 16. axb4 axb4 17. Rxa8+ Qxa8 18. g5 bxc3 19. gxf6 Bxf6 20. b4 Qb7 21. Rb1
Qb5 22. Qxb5 Bxb5 23. Bf1 Bc6 24. Bd3 Kd7 25. b5 Bb7 26. Kf1 Ra8 27. Ke2 Ra4
28. b6 Kc8 29. Kf3 Bc6 30. Be1 Kb7 31. Bf2 g6 32. Be1 Bd4 33. Kg4 Bf6 34. Kf3
h5 35. Bf2 Bg7 36. Kg3 Bxe4 37. Bxe4+ Rxe4 38. Ra1 Bd4 39. Kf3 f5 40. Bxd4 Rxd4
41. Ra3 Rc4 42. Ra1 Kxb6 43. Re1 Re4 44. Rg1 Ka5 45. Rxg6 Ka4 46. Rh6 Ka3 47.
Rxh5 Kb2 48. Rh8 Kxc2 49. h4 0-1

[Event "Gibtelecom ChallWk1 7th"]
[Site "Gibraltar"]
[Date "2009.01.30"]
[Round "4.12"]
[White "Demac, Elias"]
[Black "Steffenello, Leonard"]
[Result "1-0"]
[WhiteElo "1993"]
[BlackElo "2164"]
[PlyCount "145"]
[EventDate "2009.01.27"]
[EventType "swiss"]
[EventRounds "5"]
[EventCountry "GGB"]
[SourceTitle "BritBase"]
[Source "www.saund.co.uk"]
[SourceDate "2018.02.10"]
[SourceVersion "1"]
[SourceVersionDate "2018.02.10"]
[SourceQuality "1"]

1. d4 Nf6 2. c4 e6 3. Nf3 Bb4+ 4. Nbd2 b6 5. g3 Bb7 6. Bg2 O-O 7. O-O Bxd2 8.
Bxd2 d6 9. Bg5 Nbd7 10. Rc1 h6 11. Bf4 a5 12. Qb3 Qc8 13. Rfd1 Re8 14. h4 a4
15. Qa3 Be4 16. Bh3 Bf5 17. Bxf5 exf5 18. Qd3 Qb7 19. d5 Re4 20. Nd4 Rae8 21.
f3 R4e7 22. Qxf5 b5 23. e4 Nb8 24. cxb5 Qb6 25. Be3 Re5 26. Qh3 Nxd5 27. Bf2
Nf6 28. Nc6 Qxb5 29. Nxe5 Rxe5 30. Bd4 Re6 31. Rxc7 Nbd7 32. Rc8+ Ne8 33. Qf1
Qb7 34. Rc2 Rg6 35. Kh2 Nf8 36. Qc4 Ne6 37. Qc6 Qe7 38. Be3 Kh7 39. b4 axb3 40.
axb3 Nf6 41. Qxd6 Qb7 42. Rd3 Ng8 43. Qd5 Qb4 44. Qc4 Qb8 45. Rg2 Nf6 46. b4
Nh5 47. Bf2 Nhf4 48. gxf4 Rxg2+ 49. Kxg2 Nxf4+ 50. Kf1 Nxd3 51. Qxd3 Qxb4 52.
Kg2 Qe7 53. Qd5 Kg8 54. Qf5 f6 55. Qg6 Kh8 56. h5 Qd7 57. Be3 Qd6 58. Bxh6 gxh6
59. Qxh6+ Kg8 60. Qg6+ Kf8 61. h6 Qd2+ 62. Kg3 Qe1+ 63. Kg4 Ke7 64. Qg7+ Ke6
65. Qg8+ Ke7 66. h7 Qg1+ 67. Kf5 Qc5+ 68. Qd5 Qc8+ 69. Kg6 Qe8+ 70. Kh6 Qf8+
71. Kh5 Qc8 72. Qf5 Qc1 73. Kg6 1-0

[Event "Gibtelecom ChallWk1 7th"]
[Site "Gibraltar"]
[Date "2009.01.30"]
[Round "4.13"]
[White "Urbina Perez, Juan Antonio"]
[Black "Bucknell, Malcolm Gordon"]
[Result "1/2-1/2"]
[WhiteElo "2215"]
[BlackElo "2064"]
[PlyCount "55"]
[EventDate "2009.01.27"]
[EventType "swiss"]
[EventRounds "5"]
[EventCountry "GGB"]
[SourceTitle "BritBase"]
[Source "www.saund.co.uk"]
[SourceDate "2018.02.10"]
[SourceVersion "1"]
[SourceVersionDate "2018.02.10"]
[SourceQuality "1"]

1. e4 c6 2. d4 d5 3. e5 Bf5 4. Nf3 e6 5. Be2 h6 6. O-O Nd7 7. Nbd2 Qc7 8. c4
dxc4 9. Nxc4 Nb6 10. Nxb6 axb6 11. Nh4 Be4 12. f3 Bd5 13. f4 g6 14. Bd3 Ne7 15.
Qe2 Nf5 16. Nxf5 gxf5 17. Bc4 Qd7 18. Be3 Rg8 19. Bxd5 Qxd5 20. Qf3 Qxf3 21.
Rxf3 b5 22. Bf2 Be7 23. Rh3 Rg6 24. Rg3 Rxg3 25. hxg3 Kf8 26. Kf1 Kg7 27. Ke2
Kg6 28. Kf3 1/2-1/2

[Event "Gibtelecom ChallWk1 7th"]
[Site "Gibraltar"]
[Date "2009.01.30"]
[Round "4.14"]
[White "Suez-Panama, Gilles"]
[Black "Salem, Ihab"]
[Result "1-0"]
[WhiteElo "2032"]
[BlackElo "2171"]
[PlyCount "77"]
[EventDate "2009.01.27"]
[EventType "swiss"]
[EventRounds "5"]
[EventCountry "GGB"]
[SourceTitle "BritBase"]
[Source "www.saund.co.uk"]
[SourceDate "2018.02.10"]
[SourceVersion "1"]
[SourceVersionDate "2018.02.10"]
[SourceQuality "1"]

1. d4 Nf6 2. Nf3 g6 3. c4 Bg7 4. Nc3 O-O 5. e4 d6 6. Be2 e5 7. O-O Nc6 8. d5
Ne7 9. b4 Nh5 10. Re1 a5 11. bxa5 Rxa5 12. Nd2 Nf4 13. Bf1 c6 14. Nb3 Ra8 15.
dxc6 bxc6 16. a4 d5 17. cxd5 cxd5 18. Nb5 Ne6 19. a5 dxe4 20. Ba3 Nd4 21. N3xd4
exd4 22. Rxe4 Nc6 23. Bxf8 Kxf8 24. Qc1 d3 25. Qc5+ Kg8 26. Rae1 Bd7 27. Bxd3
Rxa5 28. Qd5 Be6 29. Qxc6 Qxd3 30. Rxe6 Rxb5 31. Re8+ Bf8 32. Qf6 Qa3 33. h4
Rf5 34. Qd8 Kg7 35. Qd4+ Kg8 36. Ra1 Rf4 37. Rxf8+ Qxf8 38. Qxf4 h5 39. Qf6 1-0

[Event "Gibtelecom ChallWk1 7th"]
[Site "Gibraltar"]
[Date "2009.01.30"]
[Round "4.15"]
[White "Pendlebury, Ian G"]
[Black "Perez Aleman, Pedro Tomas"]
[Result "1/2-1/2"]
[WhiteElo "2016"]
[BlackElo "2160"]
[PlyCount "55"]
[EventDate "2009.01.27"]
[EventType "swiss"]
[EventRounds "5"]
[EventCountry "GGB"]
[SourceTitle "BritBase"]
[Source "www.saund.co.uk"]
[SourceDate "2018.02.10"]
[SourceVersion "1"]
[SourceVersionDate "2018.02.10"]
[SourceQuality "1"]

1. d4 Nf6 2. Nf3 e6 3. e3 c5 4. Bd3 Nc6 5. c3 d5 6. Nbd2 Bd6 7. O-O Qb6 8. a3
Bd7 9. Re1 a5 10. Bc2 a4 11. Bxa4 Rxa4 12. Qxa4 Nxd4 13. Qa8+ Ke7 14. Qxh8 Nc2
15. Rb1 Nxe1 16. Nxe1 Qa6 17. c4 dxc4 18. Qxg7 c3 19. bxc3 Qe2 20. Nef3 Ne4 21.
Bb2 Qxf2+ 22. Kh1 Nxd2 23. Nxd2 Qxd2 24. c4 Bc6 25. Bf6+ Ke8 26. Qg8+ Bf8 27.
Qg4 h5 28. Qg3 1/2-1/2

[Event "Gibtelecom ChallWk1 7th"]
[Site "Gibraltar"]
[Date "2009.01.30"]
[Round "4.16"]
[White "Erdelyi, Tamas"]
[Black "Pettersen, Joar Gullestad"]
[Result "1/2-1/2"]
[WhiteElo "2152"]
[BlackElo "2016"]
[PlyCount "37"]
[EventDate "2009.01.27"]
[EventType "swiss"]
[EventRounds "5"]
[EventCountry "GGB"]
[SourceTitle "BritBase"]
[Source "www.saund.co.uk"]
[SourceDate "2018.02.10"]
[SourceVersion "1"]
[SourceVersionDate "2018.02.10"]
[SourceQuality "1"]

1. Nf3 Nf6 2. c4 e6 3. g3 d5 4. Bg2 dxc4 5. Qa4+ Nbd7 6. Qxc4 c5 7. Qc2 a6 8.
a4 b6 9. O-O Bb7 10. d3 Be7 11. Nbd2 O-O 12. Qb3 Bd5 13. Nc4 Rb8 14. Qc2 b5 15.
axb5 axb5 16. Na5 Ra8 17. Bd2 Ra6 18. e4 Ba8 19. Nb3 1/2-1/2

[Event "Gibtelecom ChallWk1 7th"]
[Site "Gibraltar"]
[Date "2009.01.30"]
[Round "4.17"]
[White "Cafolla, Peter"]
[Black "Almond, Richard J"]
[Result "1/2-1/2"]
[WhiteElo "2013"]
[BlackElo "2126"]
[PlyCount "55"]
[EventDate "2009.01.27"]
[EventType "swiss"]
[EventRounds "5"]
[EventCountry "GGB"]
[SourceTitle "BritBase"]
[Source "www.saund.co.uk"]
[SourceDate "2018.02.10"]
[SourceVersion "1"]
[SourceVersionDate "2018.02.10"]
[SourceQuality "1"]

1. d4 d5 2. c4 e6 3. Nc3 Nf6 4. Bg5 Be7 5. e3 O-O 6. Nf3 Nbd7 7. Bd3 dxc4 8.
Bxc4 c5 9. dxc5 Qa5 10. c6 Nb6 11. Be2 bxc6 12. O-O e5 13. e4 Rd8 14. Qc2 Be6
15. a3 Nbd7 16. b4 Qc7 17. Rfd1 Qb7 18. Rab1 h6 19. Bh4 Bg4 20. Bc4 Bxf3 21.
gxf3 Nb6 22. Ba2 Nh5 23. Bg3 Nxg3 24. hxg3 Bg5 25. Qb3 h5 26. a4 Qe7 27. a5 Nd7
28. Kg2 1/2-1/2